La Organización Internacional del Trabajo (Record no. 75492)
[ view plain ]
| 000 -LEADER | |
|---|---|
| fixed length control field | 01327cam a2200241 4500 |
| 005 - DATE AND TIME OF LATEST TRANSACTION | |
| control field | 20210818122842.0 |
| 008 - FIXED-LENGTH DATA ELEMENTS--GENERAL INFORMATION | |
| fixed length control field | 051031s2002 ag 000 0dspa u |
| 020 ## - INTERNATIONAL STANDARD BOOK NUMBER | |
| International Standard Book Number | 9505083130 |
| 050 04 - LIBRARY OF CONGRESS CALL NUMBER | |
| Classification number | K1707 |
| Item number | V66 1990 |
| 100 1# - MAIN ENTRY--PERSONAL NAME | |
| Personal name | Von Potobsky, Geraldo W. |
| Relator term | autor |
| 245 13 - TITLE STATEMENT | |
| Title | La Organización Internacional del Trabajo |
| Remainder of title | : funcionamiento del sistema normativo internacional, instrumentos sobre derechos humanos fundamentales |
| Statement of responsibility, etc | / Geraldo W. Von Potobsky, Héctor G. Bartolomei de la Cruz ; prólogo de José María Ruda |
| 250 ## - EDITION STATEMENT | |
| Edition statement | 1a ed. |
| 260 ## - PUBLICATION, DISTRIBUTION, ETC. (IMPRINT) | |
| Place of publication, distribution, etc | Buenos Aires, Argentina : |
| Name of publisher, distributor, etc | Astrea, |
| Date of publication, distribution, etc | 1990 |
| 300 ## - PHYSICAL DESCRIPTION | |
| Extent | xxix, 526 p. : |
| Dimensions | 23 cm. |
| 500 ## - GENERAL NOTE | |
| General note | En la portada : Funcionamiento del sistema normativo internacional, Instrumentos sobre derechos fundamentales ; Elaboración, puesta en vigor y denuncia de normas Procedimientos de control. Libertades de trabajo y sindical Igualdad de oportunidades y de trato, La situación en los países iberoamericanos |
| 504 ## - BIBLIOGRAPHY, ETC. NOTE | |
| Bibliography, etc | Incluye anexos, bibliografía : p. 513-519 e índice |
| 650 #7 - SUBJECT ADDED ENTRY--TOPICAL TERM | |
| Source of heading or term | lemb |
| Topical term or geographic name as entry element | Organización Internacional del Trabajo |
| 650 #7 - SUBJECT ADDED ENTRY--TOPICAL TERM | |
| Source of heading or term | lemb |
| Topical term or geographic name as entry element | Derecho Laboral Internacional |
| 650 #7 - SUBJECT ADDED ENTRY--TOPICAL TERM | |
| Source of heading or term | lemb |
| Topical term or geographic name as entry element | Derechos Humanos (Derecho Internacional) |
| 700 1# - ADDED ENTRY--PERSONAL NAME | |
| Personal name | Bartolomei de la Cruz, Héctor G. |
| Relator term | autor |
| 700 1# - ADDED ENTRY--PERSONAL NAME | |
| Personal name | Ruda, José María |
| Relator term | prologuista |
| 942 ## - ADDED ENTRY ELEMENTS (KOHA) | |
| Source of classification or shelving scheme | Biblioteca del Cogreso de los Estados Unidos |
| Koha item type | Libro |
| Estado de pérdida | Fuente de clasificación | Estado del daño | No para préstamo | Ubicación permanente | Ubicación actual | Apartado o colección | Fecha de adquisición | Edición | Dependencia de educación superior (DES) | Área del conocimiento | Total Checkouts | Clasificación | Código de Barras | Date last seen | Date checked out | Número de copia | Costo por reposición | Tipo de recurso |
|---|---|---|---|---|---|---|---|---|---|---|---|---|---|---|---|---|---|---|
| Biblioteca del Cogreso de los Estados Unidos | Biblioteca de la Facultad de Derecho y Ciencias Sociales "Felipe J. Tena" | Biblioteca de la Facultad de Derecho y Ciencias Sociales "Felipe J. Tena" | General | 05/06/2018 | 1a. ed. | Derecho | Ciencias Sociales y Administrativas | 1 | K1707 V66 r2002 | BFD000009720 | 19/02/2026 | 19/02/2026 | 1 | 1.00 | Libro |